| 000 | 00863nam a2200229 a 4500 | ||
|---|---|---|---|
| 999 |
_c5024 _d5024 |
||
| 001 | 5024 | ||
| 003 | BD-JhCC | ||
| 005 | 20171209111825.0 | ||
| 008 | 171207s19611967bg a|||| || | 000 0 ben d | ||
| 035 | _a(BD-JhCC)5024 | ||
| 040 |
_aBD-JhCC _dBD-JhCC |
||
| 041 | _aben | ||
| 082 |
_a516 _bNIR 1967 |
||
| 245 |
_aনৈর্বাচনিক গণিত / _cইস্ট পাকিস্তান স্কুল টেক্সস্ট বুক বোর্ড |
||
| 260 |
_aঢাকা : _bইস্ট পাকিস্তান স্কুল টেক্সস্ট বুক বোর্ড, _c1967. |
||
| 300 |
_a228 p. : _c22 cm. |
||
| 650 | _aGeometry | ||
| 650 | _aTrigonometry | ||
| 710 | _aইস্ট পাকিস্তান স্কুল টেক্সস্ট বুক বোর্ড | ||
| 942 |
_2ddc _cBK |
||